000 00877nam a2200265 i 4500
003 DO-SdBNP
005 20250403091326.0
007 ta
008 250403b2023 dr a|||| |||| 00| 0 spa d
020 _a9789945180503
040 _aDO-SbNP
_bspa
_cBNPHU
_erda
082 4 _axxx
_bG643s 2023
_222
100 _aGonzález Ayala, Rafael De Jesús,
_eautor
_4aut.
_984885
245 1 0 _aSembrando en surcos de esperanza /
_cRafael De Jesús González Ayala
250 _aSegunda edición
264 1 _aPuerto Rico :
_bImpresora Amigo del Hogar,
_c2023.
300 _a180 páginas :
_bilustraciones ;
_c21 cm.
336 _atexto
_btxt
_2rdacontent
337 _asin mediación
_bn
_2rdamedia
338 _avolumen
_bnc
_2rdacarrier
500 _aIncluye datos biográficos del autor en la contracubierta
590 _aInventariado, 2025/BT
910 _aBtavárez
942 _2ddc
_cLBS1
999 _c58583
_d58583